000 00405nam a2200157Ia 4500
003 Ost
005 20260225132559.0
008 260225s9999||||xx |||||||||||||| ||und||
040 _cfsic
041 _afre
082 _a305.892
100 _aEsther Benbassa
_eAuteur
245 0 _aJuifs et musulmans :
245 0 _bune histoire partagée , un dialogue a construire /
_cEsther Benbassa
942 _cكتاب
999 _c34655
_d34655